<?xml version="1.0" encoding="UTF-8"?>
<record
    xmlns:xsi="http://www.w3.org/2001/XMLSchema-instance"
    xsi:schemaLocation="http://www.loc.gov/MARC21/slim http://www.loc.gov/standards/marcxml/schema/MARC21slim.xsd"
    xmlns="http://www.loc.gov/MARC21/slim">

  <leader>00914nam a2200241Ia 4500</leader>
  <controlfield tag="003">GCL</controlfield>
  <controlfield tag="008">140319s9999    xx            000 0 ara d</controlfield>
  <datafield tag="040" ind1=" " ind2=" ">
    <subfield code="a">GCL / </subfield>
    <subfield code="c">GCL</subfield>
  </datafield>
  <datafield tag="082" ind1="0" ind2="4">
    <subfield code="a">&#x637;</subfield>
    <subfield code="b">031</subfield>
    <subfield code="b">&#x634; &#x643;</subfield>
  </datafield>
  <datafield tag="100" ind1="1" ind2=" ">
    <subfield code="a">&#x627;&#x644;&#x634;&#x631;&#x643;&#x629; &#x627;&#x644;&#x634;&#x631;&#x642;&#x64A;&#x629; &#x644;&#x644;&#x645;&#x637;&#x628;&#x648;&#x639;&#x627;&#x62A;</subfield>
  </datafield>
  <datafield tag="245" ind1="1" ind2="0">
    <subfield code="a">&#x643;&#x62A;&#x627;&#x628; &#x627;&#x644;&#x645;&#x639;&#x631;&#x641;&#x629; : &#x627;&#x644;&#x646;&#x628;&#x627;&#x62A; : </subfield>
    <subfield code="b">&#x627;&#x644;&#x62C;&#x632;&#x621; &#x627;&#x644;&#x627;&#x648;&#x644; : &#x639;&#x644;&#x648;&#x645; _ &#x627;&#x644;&#x62C;&#x632;&#x621; &#x627;&#x644;&#x62B;&#x627;&#x646;&#x649; : &#x639;&#x644;&#x648;&#x645; / </subfield>
    <subfield code="c">&#x627;&#x644;&#x634;&#x631;&#x643;&#x629; &#x627;&#x644;&#x634;&#x631;&#x642;&#x64A;&#x629; &#x644;&#x644;&#x645;&#x637;&#x628;&#x648;&#x639;&#x627;&#x62A;</subfield>
  </datafield>
  <datafield tag="260" ind1=" " ind2=" ">
    <subfield code="a">&#x627;&#x644;&#x642;&#x627;&#x647;&#x631;&#x629; : </subfield>
    <subfield code="b">&#x627;&#x644;&#x634;&#x631;&#x643;&#x629; &#x627;&#x644;&#x634;&#x631;&#x642;&#x64A;&#x629; &#x644;&#x644;&#x645;&#x637;&#x628;&#x648;&#x639;&#x627;&#x62A;</subfield>
  </datafield>
  <datafield tag="300" ind1=" " ind2=" ">
    <subfield code="a">160 &#x635; &#x61B; </subfield>
    <subfield code="c">30 &#x633;&#x645;</subfield>
  </datafield>
  <datafield tag="490" ind1=" " ind2=" ">
    <subfield code="a">&#x643;&#x62A;&#x627;&#x628; &#x627;&#x644;&#x645;&#x639;&#x631;&#x641;&#x629;</subfield>
    <subfield code="v">0</subfield>
  </datafield>
  <datafield tag="650" ind1="0" ind2="4">
    <subfield code="a">&#x627;&#x644;&#x646;&#x628;&#x627;&#x62A;</subfield>
  </datafield>
  <datafield tag="650" ind1="0" ind2="4">
    <subfield code="a">&#x627;&#x644;&#x646;&#x628;&#x627;&#x62A; - &#x641;&#x633;&#x64A;&#x648;&#x644;&#x648;&#x62C;&#x64A;&#x627;</subfield>
  </datafield>
  <datafield tag="650" ind1="0" ind2="4">
    <subfield code="a">&#x627;&#x644;&#x646;&#x628;&#x627;&#x62A;&#x60C; &#x639;&#x644;&#x645;</subfield>
  </datafield>
  <datafield tag="650" ind1="0" ind2="4">
    <subfield code="a">&#x627;&#x644;&#x646;&#x628;&#x627;&#x62A;&#x627;&#x62A; - &#x62A;&#x63A;&#x630;&#x64A;&#x629;</subfield>
  </datafield>
  <datafield tag="650" ind1="0" ind2="4">
    <subfield code="a">&#x627;&#x644;&#x646;&#x628;&#x627;&#x62A;&#x627;&#x62A; &#x627;&#x644;&#x62C;&#x628;&#x644;&#x64A;&#x629;</subfield>
  </datafield>
  <datafield tag="650" ind1="0" ind2="4">
    <subfield code="a">&#x627;&#x644;&#x646;&#x628;&#x627;&#x62A;&#x627;&#x62A; &#x627;&#x644;&#x62E;&#x636;&#x631;&#x64A;&#x629;</subfield>
  </datafield>
  <datafield tag="650" ind1="0" ind2="4">
    <subfield code="a">&#x646;&#x628;&#x627;&#x62A;&#x627;&#x62A; &#x627;&#x644;&#x641;&#x627;&#x643;&#x647;&#x629;</subfield>
  </datafield>
  <datafield tag="942" ind1=" " ind2=" ">
    <subfield code="2">ddc</subfield>
    <subfield code="c">BK</subfield>
  </datafield>
  <datafield tag="999" ind1=" " ind2=" ">
    <subfield code="c">48079</subfield>
    <subfield code="d">48079</subfield>
  </datafield>
  <datafield tag="952" ind1=" " ind2=" ">
    <subfield code="0">0</subfield>
    <subfield code="1">0</subfield>
    <subfield code="4">0</subfield>
    <subfield code="7">0</subfield>
    <subfield code="a">CAI</subfield>
    <subfield code="b">CAI</subfield>
    <subfield code="d">2014-03-26</subfield>
    <subfield code="l">0</subfield>
    <subfield code="o">&#x637;\031\&#x634; &#x643;</subfield>
    <subfield code="p">116000</subfield>
    <subfield code="r">2014-03-26 00:00:00</subfield>
    <subfield code="w">2014-03-26</subfield>
    <subfield code="y">BK</subfield>
  </datafield>
  <datafield tag="952" ind1=" " ind2=" ">
    <subfield code="0">0</subfield>
    <subfield code="1">0</subfield>
    <subfield code="4">0</subfield>
    <subfield code="7">0</subfield>
    <subfield code="a">CAI</subfield>
    <subfield code="b">CAI</subfield>
    <subfield code="d">2014-03-26</subfield>
    <subfield code="l">0</subfield>
    <subfield code="o">&#x637;\031\&#x634; &#x643;</subfield>
    <subfield code="p">116001</subfield>
    <subfield code="r">2014-03-26 00:00:00</subfield>
    <subfield code="w">2014-03-26</subfield>
    <subfield code="y">BK</subfield>
  </datafield>
  <datafield tag="952" ind1=" " ind2=" ">
    <subfield code="0">0</subfield>
    <subfield code="1">0</subfield>
    <subfield code="4">0</subfield>
    <subfield code="7">0</subfield>
    <subfield code="a">CAI</subfield>
    <subfield code="b">CAI</subfield>
    <subfield code="d">2014-03-26</subfield>
    <subfield code="l">0</subfield>
    <subfield code="o">&#x637;\031\&#x634; &#x643;</subfield>
    <subfield code="p">116002</subfield>
    <subfield code="r">2014-03-26 00:00:00</subfield>
    <subfield code="w">2014-03-26</subfield>
    <subfield code="y">BK</subfield>
  </datafield>
  <datafield tag="952" ind1=" " ind2=" ">
    <subfield code="0">0</subfield>
    <subfield code="1">0</subfield>
    <subfield code="4">0</subfield>
    <subfield code="7">0</subfield>
    <subfield code="a">CAI</subfield>
    <subfield code="b">CAI</subfield>
    <subfield code="d">2014-03-26</subfield>
    <subfield code="l">0</subfield>
    <subfield code="o">&#x637;\031\&#x634; &#x643;</subfield>
    <subfield code="p">116003</subfield>
    <subfield code="r">2014-03-26 00:00:00</subfield>
    <subfield code="w">2014-03-26</subfield>
    <subfield code="y">BK</subfield>
  </datafield>
</record>
